Tutti i collegiali de "Il Collegio" - Statistics

Statistiche generali
  • Questo quiz è stato fatto 117 volte
    94 dall'ultimo reset
  • Il punteggio medio è 92 su 195
Statistiche sulle risposte
EDIZIONE Sesso COLLEGIALE % Corretto
Il Collegio 1 (1960) F Swami Caputo
80%
Il Collegio 3 (1968) F Cora Fazzini
74%
Il Collegio 3 (1968) F Marilù Fazzini
74%
Il Collegio 1 (1960) M Adriano Occulto
71%
Il Collegio 4 (1982) F Asia Busciantella
71%
Il Collegio 4 (1982) M George Ciupilan
71%
Il Collegio 1 (1960) M Dimitri Iannone
69%
Il Collegio 1 (1960) F Ludovica Olgiati
69%
Il Collegio 4 (1982) M Mario Tricca
69%
Il Collegio 3 (1968) F Nicole Rossi
69%
Il Collegio 4 (1982) F Claudia Dorelfi
66%
Il Collegio 2 (1961) M Davide Moccia
66%
Il Collegio 3 (1968) F Giulia Mannucci
66%
Il Collegio 1 (1960) F Jenny De Nucci
66%
Il Collegio 4 (1982) F Maggy Gioia
66%
Il Collegio 2 (1961) F Noa Planas
66%
Il Collegio 4 (1982) F Roberta Zacchero
66%
Il Collegio 2 (1961) F Arianna Triassi
63%
Il Collegio 5 (1992) M Davide Vavalà
63%
Il Collegio 1 (1960) M Filippo Moras
63%
Il Collegio 1 (1960) F Marika Ferrarelli
63%
Il Collegio 1 (1960) M Alessio Milanesi
60%
Il Collegio 2 (1961) M Dimitri Tincano
60%
Il Collegio 1 (1960) M Filippo Zamparini
60%
Il Collegio 4 (1982) M Gianni Musella
60%
Il Collegio 4 (1982) F Mariana Aresta
60%
Il Collegio 6 (1977) F Maria Sofia Pia Federico
60%
Il Collegio 2 (1961) F Michelle Cavallaro
60%
Il Collegio 1 (1960) M Pietro Dell'Aquila
60%
Il Collegio 2 (1961) M Roberto Magro
60%
Il Collegio 1 (1960) F Silvia Di Santo
60%
Il Collegio 1 (1960) F Arianna Pasin
57%
Il Collegio 3 (1968) F Beatrice Cossu
57%
Il Collegio 1 (1960) F Carla Addonisio
57%
Il Collegio 1 (1960) M Davide Erba
57%
Il Collegio 4 (1982) M Francesco Cardamone
57%
Il Collegio 3 (1968) M Gabriele De Chiara
57%
Il Collegio 1 (1960) M Giovanni Petrigliano
57%
Il Collegio 5 (1992) F Giulia Scarano
57%
Il Collegio 2 (1961) M Giuseppe Spitaleri
57%
Il Collegio 1 (1960) F Letizia Del Signore
57%
Il Collegio 4 (1982) F Martina Brondin
57%
Il Collegio 5 (1992) M Rahul Teoli
57%
Il Collegio 5 (1992) F Sofia Cerio
57%
Il Collegio 4 (1982) M Vincenzo Crispino
57%
Il Collegio 3 (1968) F Alice Carbotti
54%
Il Collegio 3 (1968) F Alice De Bortoli
54%
Il Collegio 4 (1982) F Alysia Piccamiglio
54%
Il Collegio 5 (1992) M Andrea Di Piero
54%
Il Collegio 4 (1982) F Benedettagea Matera
54%
Il Collegio 4 (1982) F Chiara Adamuccio
54%
Il Collegio 3 (1968) M Esteban Frigerio
54%
Il Collegio 3 (1968) M Evan Nestola
54%
Il Collegio 1 (1960) M Federico Nobile
54%
Il Collegio 5 (1992) F Giulia Matera
54%
Il Collegio 3 (1968) F Jennifer Poni
54%
Il Collegio 5 (1992) F Luna Scognamiglio
54%
Il Collegio 3 (1968) M Michael Gambuzza
54%
Il Collegio 6 (1977) F Rebecca Parziale
54%
Il Collegio 4 (1982) F Sara Piccione
54%
Il Collegio 5 (1992) F Usha Teoli
54%
Il Collegio 4 (1982) F Vilma D'Addario
54%
Il Collegio 5 (1992) M Alessandro Andreini
51%
Il Collegio 5 (1992) F Aurora Morabito
51%
Il Collegio 6 (1977) Non-Binary Beatrice Kim Genco
51%
Il Collegio 5 (1992) M Bonard Dago
51%
Il Collegio 2 (1961) F Brunella Cacciuni
51%
Il Collegio 6 (1977) M Davide Cresta
51%
Il Collegio 2 (1961) M Edoardo Maragno
51%
Il Collegio 4 (1982) M Gabriele Montuori
51%
Il Collegio 2 (1961) M Gabrielle Sarmiento
51%
Il Collegio 4 (1982) M Giulio Maggio
51%
Il Collegio 5 (1992) M Luca Zigliana
51%
Il Collegio 3 (1968) M Matias Caviglia
51%
Il Collegio 5 (1992) F Mishel Gashi
51%
Il Collegio 2 (1961) M Nagga Baldina
51%
Il Collegio 6 (1977) M Raffaele Fiorella
51%
Il Collegio 5 (1992) F Rebecca Mongelli
51%
Il Collegio 1 (1960) F Veronica Mastro
51%
Il Collegio 7 (1958) F Vittoria Lazzari
51%
Il Collegio 3 (1968) M William Carrozzo
51%
Il Collegio 5 (1992) F Ylenia Grambone
51%
Il Collegio 6 (1977) M Alessandro Giglio
49%
Il Collegio 4 (1982) M Alex Djordjevic
49%
Il Collegio 4 (1982) M Andrea Bellantoni
49%
Il Collegio 7 (1958) F Elisa Angius
49%
Il Collegio 2 (1961) F Elisabetta Gibilisco
49%
Il Collegio 2 (1961) M Federico Mancosu
49%
Il Collegio 7 (1958) M Gabriel Rennis
49%
Il Collegio 6 (1977) F Gaia Cascino
49%
Il Collegio 5 (1992) M Luca Lapolla
49%
Il Collegio 6 (1977) F Matilde Ricorda
49%
Il Collegio 4 (1982) M Nicolò Robbiano
49%
Il Collegio 3 (1968) F Noemi Ortona
49%
Il Collegio 4 (1982) M Samuele Fazzi
49%
Il Collegio 5 (1992) M Simone Bettin
49%
Il Collegio 3 (1968) M Youssef Komeiha
49%
Il Collegio 5 (1992) M Alessandro Guida
46%
Il Collegio 2 (1961) F Camilla Ricciardi
46%
Il Collegio 9 (1990) F Elisa Crotti
46%
Il Collegio 9 (1990) F Febe Martellucci
46%
Il Collegio 2 (1961) F Ginevra Mandolese
46%
Il Collegio 3 (1968) F Ginevra Pirola
46%
Il Collegio 5 (1992) F Linda Bertollo
46%
Il Collegio 6 (1977) M Lorenzo Sena
46%
Il Collegio 3 (1968) M Luca Cobelli
46%
Il Collegio 7 (1958) F Luna Tota
46%
Il Collegio 2 (1961) F Maddalena Sarti
46%
Il Collegio 2 (1961) M Marco Biò
46%
Il Collegio 5 (1992) M Marco Crivellini
46%
Il Collegio 5 (1992) F Maria Teresa Cristini
46%
Il Collegio 9 (1990) F Mia Martellucci
46%
Il Collegio 9 (1990) M Pierangelo Palazzo
46%
Il Collegio 3 (1968) M Riccardo Tosi
46%
Il Collegio 6 (1977) M Simone Casadei
46%
Il Collegio 7 (1958) F Sofia Brixel
46%
Il Collegio 3 (1968) F Syria D'Ambra
46%
Il Collegio 6 (1977) M Vincenzo Rubino
46%
Il Collegio 6 (1977) F Anastasia Podeschi
43%
Il Collegio 5 (1992) M Andrea Prezioso
43%
Il Collegio 9 (1990) M Benedetto Milazzo
43%
Il Collegio 6 (1977) M Cristiano Karol Russo
43%
Il Collegio 3 (1968) M Elia Libero Gumiero
43%
Il Collegio 6 (1977) F Federica Cangiano
43%
Il Collegio 2 (1961) F Gaia Malgieri
43%
Il Collegio 5 (1992) M Giordano Francati
43%
Il Collegio 6 (1977) M Giovanni Junior D'Ambrosio
43%
Il Collegio 8 (2001) M Guglielmo Grosso
43%
Il Collegio 5 (1992) M Leonardo Prezioso
43%
Il Collegio 6 (1977) M Matteo Palazzo
43%
Il Collegio 9 (1990) M Raoul Pignataro
43%
Il Collegio 7 (1958) F Sabrina Bacja
43%
Il Collegio 9 (1990) F Simona Trozzola
43%
Il Collegio 6 (1977) F Sveva Accorrà
43%
Il Collegio 7 (1958) F Ariadny Sorbello
40%
Il Collegio 9 (1990) F Azzurra Vincenzi
40%
Il Collegio 9 (1990) F Cristiana Bizzarri
40%
Il Collegio 7 (1958) M Damiano Severoni
40%
Il Collegio 7 (1958) M Davide Cagnes
40%
Il Collegio 9 (1990) M Diego Premtaj
40%
Il Collegio 6 (1977) F Elisa Cimbaro
40%
Il Collegio 9 (1990) M Federico Guglielmo Scalia
40%
Il Collegio 6 (1977) M Filippo Romano
40%
Il Collegio 9 (1990) M Flavio Aversa
40%
Il Collegio 9 (1990) M Luca Fiore
40%
Il Collegio 3 (1968) M Luca Vittozzi
40%
Il Collegio 9 (1990) F Mariafrancesca Romano
40%
Il Collegio 9 (1990) F Mariama Mbaye
40%
Il Collegio 7 (1958) - Marta Maria Erriquez
40%
Il Collegio 9 (1990) F Michelle Pedace
40%
Il Collegio 9 (1990) M Nicolas D'Amico
40%
Il Collegio 7 (1958) F Priscilla Savoldelli
40%
Il Collegio 9 (1990) M Sandro Di Cillia
40%
Il Collegio 6 (1977) F Sara Masserini
40%
Il Collegio 7 (1958) M Tommaso Miglietta
40%
Il Collegio 6 (1977) F Valentina Comelli
40%
Il Collegio 7 (1958) F Zelda Nobili
40%
Il Collegio 7 (1958) M Alessandro Bosatelli
37%
Il Collegio 7 (1958) M Alessandro Orlando
37%
Il Collegio 7 (1958) F Alessia Abruscia
37%
Il Collegio 7 (1958) M Apollinaire Manfredi
37%
Il Collegio 6 (1977) M Davide Maroni
37%
Il Collegio 6 (1977) M Edoardo Lo Faso
37%
Il Collegio 7 (1958) F Giulia Wnekowicz
37%
Il Collegio 9 (1990) M Jacopo Vacca
37%
Il Collegio 7 (1958) M Mattia Camorani
37%
Il Collegio 9 (1990) F Romana Petrucci
37%
Il Collegio 7 (1958) M Samuel Rosica
37%
Il Collegio 7 (1958) M Davide Di Franco
34%
Il Collegio 7 (1958) F Giada Scognamillo
34%
Il Collegio 7 (1958) M Mattia Patanè
34%
Il Collegio 8 (2001) M Rocco Ryan Greco
34%
Il Collegio 8 (2001) F Carmelina Iannoni
31%
Il Collegio 8 (2001) M Luca Galise
31%
Il Collegio 8 (2001) M Diego Natale
29%
Il Collegio 8 (2001) M Mahdi Khouya
29%
Il Collegio 8 (2001) F Anita Pia Costanzo
26%
Il Collegio 8 (2001) F Aurora Costantini
26%
Il Collegio 8 (2001) M Flavio Bertuzzi
26%
Il Collegio 8 (2001) F Giorgia Ceccarelli
26%
Il Collegio 8 (2001) F Marta Battaglia
26%
Il Collegio 8 (2001) F Alessia Berchicci
23%
Il Collegio 8 (2001) F Alessia Schiavella
23%
Il Collegio 8 (2001) F Anna Garau
23%
Il Collegio 8 (2001) F Anna Rita Santeramo
23%
Il Collegio 8 (2001) F Cecilia D'Ammassa
23%
Il Collegio 8 (2001) M Christopher Parolin
23%
Il Collegio 8 (2001) M Daniele Marrone
23%
Il Collegio 8 (2001) F Denise Pagani
23%
Il Collegio 8 (2001) M Enrico Di Clemente
23%
Il Collegio 8 (2001) F Frida Schiavi
23%
Il Collegio 8 (2001) F Ilary Iolli
23%
Il Collegio 8 (2001) M Mirko Stellato
23%
Il Collegio 8 (2001) M Giuseppe Puppio
20%
Il Collegio 8 (2001) F Helena Del Pozzo
20%
Nessun quiz corrispondente trovato
Distribuzione punteggi
Percentuale di utenti per punteggio
Percentile per numero di risposta
I tuoi punteggi nel tempo
Non hai fatto questo quiz dall'ultimo reset